| 000 | 00704nam a2200241 a 4500 | ||
|---|---|---|---|
| 999 |
_c6828 _d6828 |
||
| 020 | _a9788121926676 | ||
| 082 | _a621.31THE | ||
| 100 | 1 | _aTheraja, B. L. | |
| 245 | 1 | 2 | _aA Textbook of Electrical Technology: vol 4 electronic devices and circuits |
| 250 | _aVol : IV | ||
| 260 |
_aNew Delhi _bS Chand & Co Ltd, _c1999. |
||
| 300 | _a2736p. ; | ||
| 520 | _aInternational edition. | ||
| 650 | _aElectrical engineering | ||
| 650 | _aElectric power distribution | ||
| 650 | _aElectric power transmission | ||
| 650 | _aElectric power systems | ||
| 650 | _aElectronics | ||
| 650 | _aElectricity | ||
| 700 | 1 | _aTheraja, A. K. | |
| 856 | 4 | 0 | _uhttp://10.10.170.122:8080/browse/book/2708 |
| 942 | _cBK | ||